Искусство смотреть и видеть: книга для внекласного чтения в VIII - X классах

書誌詳細
第一著者: Перепелкина Г. П. Галина Петровна
言語:ロシア語
出版事項: Москва, Просвещение, 1982
シリーズ:Мир знаний
主題:
フォーマット: 図書
KOHA link:https://koha.lib.tpu.ru/cgi-bin/koha/opac-detail.pl?biblionumber=310879

MARC

LEADER 00000nam0a2200000 4500
001 310879
005 20231102002330.0
020 |a RU  |b 82-21773 
035 |a (RuTPU)RU\TPU\book\336232 
090 |a 310879 
100 |a 20151130d1982 m y0rusy5003 ca 
101 0 |a rus 
102 |a RU 
105 |a a j 001zy 
200 1 |a Искусство смотреть и видеть  |e книга для внекласного чтения в VIII - X классах  |f Г. П. Перепелкина 
210 |a Москва  |c Просвещение  |d 1982 
215 |a 223 с.  |c ил. 
225 1 |a Мир знаний 
320 |a Библиогр.: с. 221-222 
606 1 |a Изобразительное искусство  |2 stltpush  |3 (RuTPU)RU\TPU\subj\12291  |9 39102 
610 1 |a хрестоматии 
610 1 |a внеклассное чтение 
610 1 |a живопись 
610 1 |a графика 
610 1 |a скульптура 
610 1 |a архитектура 
610 1 |a литература 
675 |a 7(075.3)  |z rus  |v 3 
700 1 |a Перепелкина  |b Г. П.  |g Галина Петровна  |4 070 
801 0 |a RU  |b RuMRKP  |c 19950704  |g psbo 
801 1 |a RU  |b 63413507  |c 20151130 
801 2 |a RU  |b 63413507  |c 20180919  |g RCR 
942 |c BK